00531nam a2200169Ia 450000500170000000800410001702000150005808200130007310000150008624500200010126000400012130000130016150000710017494200060024595200950025199900150034620250702023440.0240331s9999 xx 000 0 und d a9552008433 bPERa392 aPerera,Y.D 0aMalwara siritha aColombobS. Godage & Brothersc1993 a112 p ., aAn anthropological analysis of puberty rituals and gateway rituals cL 001040708LaWERCLbWERCLcSSCd2024-03-31l0o 392 PERp2626r2024-03-31w2024-03-31yL c5126d5126